000 00305nam a22001337a 4500
003 OSt
005 20250620101416.0
007 11 PAGES
008 250620b |||||||| |||| 00| 0 eng d
040 _c
245 _aIS:12032 ( PART 4)-1987
_cB.I.S
260 _bINDIAN STANDARDS
_c2019
942 _2ddc
_cRB
_n0
999 _c36227
_d36227